Berühmte Menschen aus Thüringen - Statistiken

Allgemein
  • Dieses Quiz wurde 107 mal gespielt
  • Das Durchschnittsergebnis liegt bei 9 aus 20
Antwortstatistiken
Hint Antwort % Korrekt
Großer Barock-Komponist: Brandenburgische Konzerte, Weihnachtsoratorium, Kunst der Fuge, Toccata und Fuge Johann Sebastian Bach
85%
Mechaniker und Unternehmer, Gründer einer Jenaer Optik-Firma, Jenas Fußballverein ist nach ihm benannt Carl Zeiß
83%
Linken-Politiker und amtierender Ministerpräsident Thüringens Bodo Ramelow
81%
Rechtsradikaler AfD-Politiker, Landesparteichef und Sprecher des (mittlerweile verbotenen) "Flügels", darf Faschist genannt werden Bernd Höcke
80%
Linken-Politikerin, Fraktionsvorsitzende 2015-2019, Initiatorin der Bewegung "Aufstehen", mit Oskar Lafontaine verheiratet Sahra Wagenknecht
61%
Singer-Songwriter: Chicago, Keinen Zentimeter, Gewinner, Cello (Unplugged mit Udo Lindenberg) Clueso
55%
Rothaarige Biathletin: 3x Olympiagold (2002, 2006), 5x Weltmeister (2001-2009) Kati Wilhelm
49%
Rechenmeister, verfasste Anfang des 16. Jahrhunderts ein wichtiges deutschsprachiges Rechenbuch, popularisierte arabische Zahlen, bekannt aus Redewendung Adam Ries
48%
Sängerin und Schauspielerin: GZSZ, Für Dich, Glaub an mich, Lieber so, Wolfsland, Coach in The Voice Senior Yvonne Catterfeld
41%
Herzogin von Sachsen-Weimar und Eisenach, Mäzenin der Weimarer Klassik, lockte Goethe und Schiller nach Weimar, stiftete eine berühmte Bibliothek Anna Amalia
37%
Auf der Wartburg lebende Prinzessin, die sich für die Armen aufopferte, gilt als deutsche Nationalheilige Elisabeth von Thüringen
35%
Biathletin: 2x Olympiagold (Einzel & Staffel 2002), 8x Weltmeister zwischen 2005 und 2012 Andrea Henkel
34%
Leichtathletin, 1992 und 2000 Gold im Weitsprung, 1988 Bronze über 100m und 200m Sprint Heike Drechsler
33%
Bob-Pilot: 4x Olympiagold (2002, 2006, 2010), jeweils 8 Weltmeister- und Europameistertitel André Lange
29%
Rennrodler, 3x Olympiagold (2010 und 2014), 13x Weltmeister, 5x Europameister, 6x Gesamtweltcup Felix Loch
26%
CDU-Politiker, einziger demokratisch gewählter Ministerpräsident der DDR Lothar de Maizière
24%
Schüler Pestalozzis und Erfinder des Kindergartens Friedrich Fröbel
21%
SPD-Politiker Minister für besondere Aufgaben 72-74, Minister für wirtschaftliche Zusammenarbeit 74-76, Architekt der neuen Ostpolitik unter Brandt Egon Bahr
20%
Gründer der SPD, „Arbeiterkaiser“ August Bebel
18%
Klassiker der Soziologie: Die protestantische Ethik und der Geist des Kapitalismus, Wissenschaft als Beruf, Wirtschaft und Gesellschaft Max Weber
10%
Keine übereinstimmenden Quizze gefunden
Verteilung der Resultate
Anzahl Personen mit jedem Resultat
Perzentil nach korrekt beantworteten Fragen
Ihre Resultats-Entwicklung
Sie haben dieses Quiz noch nicht gespielt